| 000 | 01291cam a22003254a 4500 | ||
|---|---|---|---|
| 999 |
_c478272 _d478272 |
||
| 001 | 12899382 | ||
| 003 | NUST | ||
| 005 | 20180509074004.0 | ||
| 008 | 020819s2003 enkab b 001 0 eng | ||
| 010 | _a 2002031468 | ||
| 020 | _a0521822068 | ||
| 020 | _a0521529530 (pbk.) | ||
| 040 |
_aDLC _cDLC _dDLC |
||
| 042 | _apcc | ||
| 050 | 0 | 0 |
_aQC815.2 _b.C364 2003 |
| 082 | 0 | 0 |
_a538/.72 _221 |
| 100 | 1 |
_aCampbell, Wallace H. _q(Wallace Hall), _d1926- _910281 |
|
| 245 | 1 | 0 |
_aIntroduction to geomagnetic fields / _cWallace H. Campbell. |
| 250 | _a2nd. ed. | ||
| 260 |
_aCambridge ; _aNew York : _bCambridge University Press, _c2003. |
||
| 300 |
_axii, 337 p. : _bill., maps ; _c26 cm. |
||
| 504 | _aIncludes bibliographical references (p. 322-331) and index. | ||
| 650 | 0 |
_aGeomagnetism. _910282 |
|
| 856 | 4 | 1 |
_3Sample text _uhttp://www.loc.gov/catdir/samples/cam034/2002031468.html |
| 856 | 4 | 2 |
_3Publisher description _uhttp://www.loc.gov/catdir/description/cam031/2002031468.html |
| 856 | 4 | 1 |
_3Table of contents _uhttp://www.loc.gov/catdir/toc/cam031/2002031468.html |
| 906 |
_a7 _bcbc _corignew _d1 _eocip _f20 _gy-gencatlg |
||
| 942 |
_2ddc _cBK |
||